| 000 | 00315cam a22000977a 4500 | ||
|---|---|---|---|
| 008 | 180718b-- xxu||||| |||| 00| 0 eng d | ||
| 082 | _aA42x5452 R | ||
| 100 | _aMadras. Legal Department | ||
| 245 | _aLegal rules and orders and orders made under enactments applying to the Madras state | ||
| 260 |
_aMadras _bThe author _c-- |
||
| 999 |
_c488803 _d488803 |
||